| 000 | 01451nam a2200253Ia 4500 | ||
|---|---|---|---|
| 999 |
_c54962 _d54962 |
||
| 001 | 22033 | ||
| 003 | GE_BSU | ||
| 005 | 20220927174439.0 | ||
| 008 | 181216s2009||||ge |||||||||||||| ||geo|| | ||
| 040 | _cGE_BSU | ||
| 041 | _ageo | ||
| 080 | _a821.353.1.09 ზ-77 | ||
| 100 |
_aზოიძე, შოთა _94207 |
||
| 245 |
_aძმები: _b(ორი ესე) / _cშოთა ზოიძე ; რედ. თეა თავბერიძე. |
||
| 264 |
_aბათუმი : _bპოლიგრაფისტი-1, _c2009. |
||
| 300 |
_a39 გვ. : _b1ფ პორტრეტი ; _c17 სმ. |
||
| 500 | _aწიგნში შევიდა შოთა ზოიძის ორი ესეისტური ნაშრომი, რომელშიც პროფესიულადაა გაშუქებული თანამედროვეობის ორი გამოჩენილი მწერლის-ძმების თამაზ და ოთარ ჭილაძეების შემოქმედებისა და მხატვრული ოსტატობის საკითხები | ||
| 541 | _h2ლ. | ||
| 653 | _aქართული ლიტერატურა | ||
| 653 | _aძმები | ||
| 653 | _a(ორი ესე) | ||
| 700 |
_a თავბერიძე, თეა _eრედაქტორი _914875 |
||
| 942 |
_cBK _2udc |
||